<?xml version="1.0" encoding="UTF-8"?>
<record
    xmlns:xsi="http://www.w3.org/2001/XMLSchema-instance"
    xsi:schemaLocation="http://www.loc.gov/MARC21/slim http://www.loc.gov/standards/marcxml/schema/MARC21slim.xsd"
    xmlns="http://www.loc.gov/MARC21/slim">

  <leader>00713nam a22002297a 4500</leader>
  <controlfield tag="001">6863</controlfield>
  <controlfield tag="003">FISKH</controlfield>
  <controlfield tag="005">20250826101824.0</controlfield>
  <controlfield tag="008">250604b        cb ||||| |||| 00| 0 eng d</controlfield>
  <datafield tag="020" ind1=" " ind2=" ">
    <subfield code="a">9780516269733</subfield>
  </datafield>
  <datafield tag="040" ind1=" " ind2=" ">
    <subfield code="a">FISKH</subfield>
    <subfield code="b">eng</subfield>
    <subfield code="c">FISKH</subfield>
    <subfield code="d">FISKH</subfield>
  </datafield>
  <datafield tag="050" ind1=" " ind2=" ">
    <subfield code="a">F1219 .S29</subfield>
  </datafield>
  <datafield tag="082" ind1=" " ind2=" ">
    <subfield code="a">972.018 </subfield>
  </datafield>
  <datafield tag="100" ind1=" " ind2=" ">
    <subfield code="a">Santella, Andrew </subfield>
  </datafield>
  <datafield tag="245" ind1=" " ind2=" ">
    <subfield code="a">The Aztec / </subfield>
    <subfield code="c">A true book by Andrew Santella </subfield>
  </datafield>
  <datafield tag="260" ind1=" " ind2=" ">
    <subfield code="a">New York : </subfield>
    <subfield code="b">Children's Press, </subfield>
    <subfield code="c">2002. </subfield>
  </datafield>
  <datafield tag="300" ind1=" " ind2=" ">
    <subfield code="a">47 pages : </subfield>
    <subfield code="b">color illustrations ; </subfield>
    <subfield code="c">22 cm</subfield>
  </datafield>
  <datafield tag="520" ind1=" " ind2=" ">
    <subfield code="a">Describes the Aztec way of life, including their religion, society, capital city, and government. </subfield>
  </datafield>
  <datafield tag="650" ind1=" " ind2=" ">
    <subfield code="a">History</subfield>
    <subfield code="v">Civilizations</subfield>
    <subfield code="x">Aztecs</subfield>
  </datafield>
  <datafield tag="942" ind1=" " ind2=" ">
    <subfield code="2">ddc</subfield>
    <subfield code="c">BK</subfield>
    <subfield code="n">0</subfield>
  </datafield>
  <datafield tag="999" ind1=" " ind2=" ">
    <subfield code="c">6863</subfield>
    <subfield code="d">6863</subfield>
  </datafield>
  <datafield tag="952" ind1=" " ind2=" ">
    <subfield code="0">0</subfield>
    <subfield code="1">0</subfield>
    <subfield code="2">ddc</subfield>
    <subfield code="4">0</subfield>
    <subfield code="7">0</subfield>
    <subfield code="8">NFIC</subfield>
    <subfield code="a">001</subfield>
    <subfield code="b">001</subfield>
    <subfield code="c">ATKSNF</subfield>
    <subfield code="d">2025-06-04</subfield>
    <subfield code="l">0</subfield>
    <subfield code="o">SAN 972.018 F1219 .S29 </subfield>
    <subfield code="p">FISTK04786</subfield>
    <subfield code="r">2025-06-04 08:43:24</subfield>
    <subfield code="t">1</subfield>
    <subfield code="w">2025-06-04</subfield>
    <subfield code="y">BK</subfield>
  </datafield>
  <datafield tag="952" ind1=" " ind2=" ">
    <subfield code="0">0</subfield>
    <subfield code="1">0</subfield>
    <subfield code="2">ddc</subfield>
    <subfield code="4">0</subfield>
    <subfield code="7">0</subfield>
    <subfield code="8">NFIC</subfield>
    <subfield code="a">002</subfield>
    <subfield code="b">002</subfield>
    <subfield code="c">SNS</subfield>
    <subfield code="d">2025-08-26</subfield>
    <subfield code="l">0</subfield>
    <subfield code="o">SAN 972.018 F1219 .S29 </subfield>
    <subfield code="p">FISSE00833</subfield>
    <subfield code="r">2025-08-26 10:18:21</subfield>
    <subfield code="t">2</subfield>
    <subfield code="w">2025-08-26</subfield>
    <subfield code="y">BK</subfield>
  </datafield>
</record>
